00712nam a2200217 a 450000100060000000300090000600800410001502000150005604000280007108200100009910000190010924500350012826000440016330000110020749000190021865000290023765000420026694200120030899900170032095201570033717394CO-ViMGA141112s2004 ck r 000 u spa d a844780223X aCO-ViMGAbspacCO-ViMGA04aPUEpe1 aPuerto, Carlos10aPerdidos en la ciudad fantasma aBarcelona (España), cEl Arca, c1994 a134.p. aTren de cuerda14aCUENTOS INFANTILES9274314aFANTASMAS - CUENTOS INFANTILES948121 2ddccBK c26935d26935 00102ddc40708008aMEVIECARbMEVIECARd2015-12-04hVolumen. 1 | 11/jun/2009l2oPUEpe p17394r2022-05-18 00:00:00s2022-05-02tEj. 1w2015-12-04yBK